000 01157cam a2200385M 4500
001 92952
005 20230410103710.0
008 080327s2007 sp 000 h spa d
035 _a(OCoLC)ocn434455719
040 _aBNM
_erdc
_bspa
_cBNM
015 _aMON0807
017 _aB 26880-2007
020 _a9788496840072
020 _a8496840077
035 _a(OCoLC)434455719
050 1 4 _a315 DP 272
_bA516d 2007
049 _aGRAL
100 1 _aAmilibia, Jesús María,
_d1943-
245 1 3 _aEl diario secreto de ZP /
_cJesús María Amilibia.
250 _a1a. ed.
260 _aBarcelona :
_bAltera,
_c2007.
300 _a308 p. ;
_c23 cm.
490 1 _aSerie Humor
600 1 0 _aRodríguez Zapatero, José Luis,
_d1960-
650 0 _aPrime ministers
_zSpain.
651 0 _aSpain
_xPolitics and government
_y21st century.
600 1 4 _aRodríguez Zapatero, José Luis,
_d1960-
650 4 _aPartido Socialista Obrero Español.
650 4 _aPresidentes
_zEspaña
_vBiografias.
651 4 _aEspaña
_xPolítica y gobierno
_y2004-2011.
830 0 _aSerie Humor (Barcelona)
942 _2lcc
_cbk
994 _aC0
_bDRFGD
946 _almm
999 _c24109
_d24109